Ajax Trivia - Statistics

General Stats
  • This quiz has been taken 926 times
    458 since last reset
  • The average score is 10 of 18
Answer Stats
Question Answer % Correct
What is the name of Ajax’s stadium? Johan Cruyff Arena
97%
With which club does Ajax contest De Klassieker? Feyenoord
84%
In 2007, Ajax retired which squad number, in tribute to club legend Johan Cruyff? 14
82%
Who is Ajax’s record sale, joining Manchester United for £82.2m in 2022? Antony
78%
Who is the current captain of Ajax? Steven Bergwijn
75%
Who is Ajax’s record signing, arriving from Tottenham Hotspur for £25m in 2022? Steven Bergwijn
75%
Who managed Ajax as they won their fourth European Cup in 1995? Louis van Gaal
68%
What is Ajax’s nickname, which translates into English as “Sons of the Gods”? De {Godenzonen}
67%
Which two players have won the European Golden Shoe whilst playing for Ajax? Marco van Basten
65%
Who is the current head coach of Ajax? Maurice Steijn
60%
Which Dutchman holds the record for most Ajax appearances with 603? Sjaak Swart
49%
Which three teams did Ajax beat in consecutive European Cup Finals, as they secured a hat-trick between 1971 and 1973? Juventus
47%
Which legendary Ajax manager, often cited as the best of all-time, is credited with the invention of Total Football? Rinus Michels
45%
In 2017, which Ajax manager named the youngest starting XI in Eredivisie history, with an average age of 20 years and 139 days? Peter Bosz
42%
Which three teams did Ajax beat in consecutive European Cup Finals, as they secured a hat-trick between 1971 and 1973? Inter Milan
41%
Which three teams did Ajax beat in consecutive European Cup Finals, as they secured a hat-trick between 1971 and 1973? Panathinaikos
23%
Which Dutchman is Ajax’s all-time record goalscorer with 278? Piet van Reenen
10%
Which two players have won the European Golden Shoe whilst playing for Ajax? Wim Kieft
9%
No matching quizzes found
Score Distribution
Percent of People with Each Score
Percentile by Number Answered
Your Score History
You have not taken this quiz since the last reset